| 000 | 00796nam a2200253 c 4500 | ||
|---|---|---|---|
| 003 | BLK | ||
| 005 | 20180420221108.0 | ||
| 008 | 180408b bul|||||r ||||||| ||bul|| | ||
| 010 | _aKNG00042109000 | ||
| 020 |
_a0-87207-736-5 _bиздат.: IRA |
||
| 040 | _aBLK | ||
| 041 |
_aENG _cENG |
||
| 080 |
_aАнглийски език _b811.111 _x _z811.111 |
||
| 700 | 1 |
_aFlood, James _eсъстав. _910133 |
|
| 139 |
_aUnderstanding Reading Comprehension _b |
||
| 245 | 1 | 0 |
_aUnderstanding Reading Comprehension _bCognition, language and the structure of prose _cсъстав. James Flood. |
| 260 |
_аNewark _bIRA _c1984 |
||
| 300 |
_aIX, 264 c. _bс табл. _c21 см |
||
| 852 | _aЦб 175893 | ||
| 856 | 4 |
_qpdf _u |
|
| 856 | 4 |
_qpdf _u |
|
| 942 |
_cKNG _n0 |
||
| 944 |
_aCR _c15.01.2003 _kAB_DOS |
||
| 944 |
_aED _c15.01.2003 _k |
||
| 999 |
_c38844 _d38844 |
||